Business Roles (Registro nro. 2577)
[ vista simple ]
| 000 -CABECERA | |
|---|---|
| campo de control de longitud fija | 00494aam a2200193 4500 |
| 005 - FECHA Y HORA DE ACTUALIZACIÓN | |
| campo de control | 20161114102215.0 |
| 008 - LONGITUD FIJA | |
| campo de control de longitud fija | 150603b xxu||||| |||| 00| 0 spa d |
| 041 ## - IDIOMA | |
| Código de idioma del texto/pista de sonido o título separado | |
| 082 ## - CLASIFICACIÓN DECIMAL DEWEY | |
| Número de clasificación | 128.3 C953b |
| 100 ## - AUTOR PERSONAL | |
| Nombre de persona | Crowther-Alwyn, John |
| 245 ## - TÍTULO PROPIAMENTE DICHO | |
| Título | Business Roles |
| 260 ## - PIE DE IMPRENTA | |
| Lugar de publicación, distribución, etc. | Estados Unidos |
| Nombre del editor, distribuidor, etc. | Cambridge University Press |
| Fecha de publicación, distribución, etc. | 1997 |
| 300 ## - DESCRIPCIÓN FÍSICA | |
| Extensión | 99 páginas |
| 650 ## - Materia General | |
| Materia general | INGLES |
| 650 ## - Materia General | |
| Materia general | ENSEÑANZA |
| 650 ## - Materia General | |
| Materia general | COMERCIO |
| 650 ## - Materia General | |
| Materia general | TRABAJO |
| 942 ## - Punto de Acceso Adicional Koha | |
| Tipo de ítem Koha | Libro |
| Estado perdido | Estado dañado | No para préstamo | Biblioteca permanente | Biblioteca actual | Signatura completa | Código de barras | Precio efectivo a partir del | Tipo de ítem |
|---|---|---|---|---|---|---|---|---|
| Departamento de Biblioteca y Documentación Alfonso Chase Brenes | Departamento de Biblioteca y Documentación Alfonso Chase Brenes | 128.3 C953b | 15624 | 26/09/2016 | Libro |